Els infants terrible / (Record no. 45245)

MARC details
000 -LEADER
campo de control de longitud fija 00638nam a2200217 i 4500
001 - NÚMERO DE CONTROL
campo de control 45245
003 - IDENTIFICADOR DE NÚMERO DE CONTROL
campo de control ES-MaACL
005 - FECHA Y HORA DE LA ÚLTIMA TRANSACCIÓN
campo de control 20240505063020.0
007 - CAMPO FIJO DE DESCRIPCIÓN FÍSICA--INFORMACIÓN GENERAL
campo de control de longitud fija t|
008 - DATOS DE LONGITUD FIJA--INFORMACIÓN GENERAL
campo de control de longitud fija 030325s1964 sp ||||1| cat d
100 1# - ENTRADA PRINCIPAL--NOMBRE DE PERSONA
Nombre de persona Cocteau, Jean,
Fechas asociadas al nombre 1889-1963
9 (RLIN) 39410
245 14 - MENCIÓN DEL TÍTULO
Título Els infants terrible /
Mención de responsabilidad, etc. Jean Cocteau ; traducció de Ramón Xuriguera.
250 ## - MENCION DE EDICION
Mención de edición [2ª ed.].
260 ## - PUBLICACIÓN, DISTRIBUCIÓN, ETC.
Lugar de publicación, distribución, etc. Barcelona :
Nombre del editor, distribuidor, etc. Proa,
Fecha de publicación, distribución, etc. 1964.
300 ## - DESCRIPCIÓN FÍSICA
Extensión 193 p. ;
Dimensiones 18 cm.
490 1# - MENCIÓN DE SERIE
Mención de serie A tot vent ;
Designación de volumen o secuencia 101
700 1# - ENTRADA AGREGADA--NOMBRE PERSONAL
Nombre de persona Xuriguera, Ramón.
9 (RLIN) 117526
830 0# - PUNTO DE ACCESO ADICIONAL DE SERIE-TÍTULO UNIFORME
Título uniforme A tot vent ;
Designación de volumen o secuencia 101
9 (RLIN) 180884
852 ## - LOCALIZACIÓN
Ubicación ES-MaACL
Número de control de estantería C-24731
Sublocalización o colección R.53931
Holdings
Estatus retirado Estado de pérdida Estado de daño No para préstamo Biblioteca de origen Biblioteca actual Ubicación en estantería Fecha de adquisición Fuente de adquisición Total de préstamos Signatura topográfica completa Código de barras Visto por última vez Precio de reemplazo Tipo de ítem Koha
        Biblioteca del Ateneo de Madrid Biblioteca del Ateneo de Madrid Depósito 2 17/01/2008     C-24731 1047611 23/02/2023 23/02/2023 Libro impreso